|
|
|
|
| LEADER |
00000nam a22000007a 4500 |
| 005 |
20110906122530.0 |
| 008 |
110906t2004 mx ||||s|||| 00| 0 spa d |
| 020 |
|
|
|a 970-665-187-X
|
| 035 |
|
|
|a 5618
|
| 040 |
|
|
|a vLex
|
| 090 |
|
|
|c 2389
|d 2389
|
| 100 |
1 |
|
|a Cocina Martn̕ez, Javier
|
| 245 |
1 |
0 |
|a Introduccin̤ y aplicaciones prc̀ticas sobre la contabilidad de instrumentos financieros
|h [Recurso electrn̤ico] /
|c Javier Cocina Martn̕ez
|
| 256 |
|
|
|a Servicio en ln̕ea.
|
| 260 |
|
|
|a [Mx̌ico] :
|b Instituto Mexicano de Contadores Pb︢licos,
|c 2004.
|
| 300 |
|
|
|a 1 recurso electrn̤ico
|
| 500 |
|
|
|a Este trabajo est ̀dirijido a los maestros y estudiantes de la profesin̤ de Contador Pb︢lico, a fin de mantenerlos actualizados con los l︢timos avances en la contabilidad financiera en Mx̌ico y en el mundo. Su contenido es parte integrante de los programas de contabilidad intermedia y contabilidad superior.
|
| 506 |
1 |
|
|a Contenido solo disponible en los productos indicados
|d vLex Global
|d vLex Global (Academic Edition, excluding Law Schools)
|d vLex Global (U.S. Academic Edition, Law Schools)
|d vLex Global (U.S. Academic Edition, excluding Law Schools)
|d vLex Global (Academic Edition, Law Schools)
|
| 650 |
0 |
4 |
|a Derecho tributario
|z Mx̌ico
|
| 710 |
2 |
|
|a Instituto Mexicano de Contadores Pb︢licos
|
| 740 |
0 |
|
|a vLex Libros (Servicio en ln̕ea)
|
| 856 |
4 |
0 |
|u http://vlex.com/source/introduccion-aplicaciones-contabilidad-instrumentos-financieros-5618
|z Acceso restringido
|
| 942 |
|
|
|c BOOK
|